Southville International School and Colleges
Your cart is empty.
  • Cart
  • Lists
    Public lists Eva Luna New books Lux_list list_1
    Your lists Log in to create your own lists
  • Log in to your account
  • Your cookies
  • Search history
Southville International School and Colleges
  • Advanced search
  • Recent comments
  • Most popular
  • Libraries

Log in to your account

Log in with GOOGLE


If you do not have an external account, but do have a local account, you can still log in:

  1. Home
  2. MARC view: Technology ventures :
Normal view MARC view ISBD view

Technology ventures : (Record no. 24405)

[ view plain ]
MARC details
000 -LEADER
fixed length control field 008810181a2200265 4500
003 - CONTROL NUMBER IDENTIFIER
control field SISC
005 - DATE AND TIME OF LATEST TRANSACTION
control field 20170117084757.0
008 - FIXED-LENGTH DATA ELEMENTS--GENERAL INFORMATION
fixed length control field 140118b xxu||||| |||| 00| 0 eng d
010 ## - LIBRARY OF CONGRESS CONTROL NUMBER
LC control number 2009043315
020 ## - INTERNATIONAL STANDARD BOOK NUMBER
International Standard Book Number 9780071289214
050 ## - LIBRARY OF CONGRESS CALL NUMBER
Classification number HC 79.I55
Item number .D674 2011
100 1# - MAIN ENTRY--PERSONAL NAME
Personal name Byers, Thomas (Thomas H.)
245 10 - TITLE STATEMENT
Title Technology ventures :
Remainder of title from idea to enterprise /
Statement of responsibility, etc Thomas H. Byers, Richard C. Dorf, Andrew J. Nelson.
250 ## - EDITION STATEMENT
Edition statement 3rd edition.
260 ## - PUBLICATION, DISTRIBUTION, ETC. (IMPRINT)
Place of publication, distribution, etc New York :
Name of publisher, distributor, etc McGraw-Hill,
Date of publication, distribution, etc 2011.
300 ## - PHYSICAL DESCRIPTION
Extent 680 pages. :
Other physical details ill. ;
Dimensions 24 cm.
500 ## - GENERAL NOTE
General note Dorf�s name appears first on the earlier editions. Includes bibliographical references and index.
650 #4 - SUBJECT ADDED ENTRY--TOPICAL TERM
Topical term or geographic name as entry element Information technology
650 #4 - SUBJECT ADDED ENTRY--TOPICAL TERM
Topical term or geographic name as entry element Entrepreneurship
650 #4 - SUBJECT ADDED ENTRY--TOPICAL TERM
Topical term or geographic name as entry element New business enterprises
700 1# - ADDED ENTRY--PERSONAL NAME
Personal name Dorf, Richard C.
700 1# - ADDED ENTRY--PERSONAL NAME
Personal name Nelson, Andrew J.
942 ## - ADDED ENTRY ELEMENTS (KOHA)
Koha item type Books
Source of classification or shelving scheme Library of Congress Classification
Call number prefix Foreign
Holdings
Withdrawn status Lost status Source of classification or shelving scheme Damaged status Home library Current library Shelving location Date acquired Source of acquisition Cost, normal purchase price Total Checkouts Total Renewals Full call number Barcode Date last seen Date checked out Copy number Price effective from Koha item type
    Library of Congress Classification   College Library College Library General Circulation Section 10/18/2011 Donation 2229.00 1 8 HC 79.I55 .D674 2011 C12393 12/08/2015 11/07/2015 1 10/18/2013 Books

Technology ventures :

APA

Byers T. (. H., Dorf R. C. & Nelson A. J. (2011). Technology ventures. New York: McGraw-Hill.

Chicago

Byers Thomas (Thomas H.), Dorf Richard C and Nelson Andrew J. 2011. Technology ventures. New York: McGraw-Hill.

Harvard

Byers T. (. H., Dorf R. C. and Nelson A. J. (2011). Technology ventures. New York: McGraw-Hill.

MLA

Byers Thomas (Thomas H.), Dorf Richard C and Nelson Andrew J. Technology ventures. New York: McGraw-Hill. 2011.

  • Place hold
  • Print
  • Cite
  • Add to your cart (remove)
  • Save record
    BIBTEX Dublin Core MARCXML MARC (non-Unicode/MARC-8) MARC (Unicode/UTF-8) MARC (Unicode/UTF-8, Standard) MODS (XML) RIS
  • More searches
    Search for this title in:
    Other Libraries (WorldCat) Other Databases (Google Scholar) Online Stores (Bookfinder.com) Open Library (openlibrary.org)

Exporting to Dublin Core...

SOUTHVILLE LIBRARY

Southville International School and Colleges Library

1281 Tropical Ave. Cor. Luxembourg St., BF Homes International, Las Pinas City

Tel. No. 8256374 / 252358 Loc. 117/146

Powered by Koha